|
|
|
|
| LEADER |
00000nam0a2200000 4500 |
| 001 |
67833 |
| 005 |
20231031074124.0 |
| 035 |
|
|
|a (RuTPU)RU\TPU\book\72227
|
| 035 |
|
|
|a RU\TPU\book\72050
|
| 090 |
|
|
|a 67833
|
| 100 |
|
|
|a 20040924d1973 k y0rusy50 ca
|
| 101 |
0 |
|
|a rus
|
| 102 |
|
|
|a RU
|
| 105 |
|
|
|a a z 001zy
|
| 200 |
1 |
|
|a Методическое руководство по исследованию органических веществ подземных вод нефтегазоносных областей
|f Е. А. Барс, С. С. Коган
|
| 205 |
|
|
|a 2-е изд., перераб. и доп.
|
| 210 |
|
|
|a Москва
|c Недра
|d 1973
|
| 215 |
|
|
|a 128 с.
|c ил.
|
| 320 |
|
|
|a Библиогр.: с. 120-128.
|
| 610 |
1 |
|
|a воды подземные
|
| 610 |
1 |
|
|a нефтяные месторождения
|
| 610 |
1 |
|
|a исследования
|
| 610 |
1 |
|
|a органические вещества
|
| 610 |
1 |
|
|a нефтегазоносные области
|
| 610 |
1 |
|
|a методические рекомендации
|
| 675 |
|
|
|a 553.98
|v 3
|
| 700 |
|
1 |
|a Барс
|b Е. А.
|g Елена Антоновна
|
| 701 |
|
1 |
|a Коган
|b С. С.
|g Софья Соломоновна
|
| 801 |
|
1 |
|a RU
|b 63413507
|c 20040920
|g PSBO
|
| 801 |
|
2 |
|a RU
|b 63413507
|c 20120419
|g PSBO
|
| 942 |
|
|
|c BK
|